000 01240nam0a22002651 4500
001 rc\4946260
005 20260406145857.0
021 _aRU
_b[57-55543]
035 _a(NLR Aleph) 008855810
090 _a8429699
_c8429699
100 _a20130426d1957 |||y0rusy50 ca
101 0 _arus
102 _aRU
105 _ay cj |||||
200 1 _aУчебные задания и методические указания по курсу "Патанатомия и патфизиология сельскохозяйственных животных"
_eДля учащихся заоч. отд-ний с.-х. техникумов по специальности "Ветеринария"
_eУтв. 18/VII 1957 г.
_fВсесоюз. заоч. с.-х. техникум М-ва сельского хозяйства СССР
210 _a[Москва]
_cБ. и.
_d1957
215 _a19 с.
_d20
300 _aВ конце текста авт.: препод. Терновая В.И.
701 1 _aТерновая
_bВ.И.
712 0 2 _aВсесоюзный заочный с.-х. техникум
_3RU\NLR\AUTH\889925293
_9346370
801 0 _aRU
_bNLR
_gpsbo
801 1 _aRU
_bELAR
_2rusmarc
852 _aNLR
_j57-4/14328
942 _cBOOK
980 _aNB